[Event "Bavaria-ch 94th"]
[Site "Rosenheim"]
[Date "2023.08.22"]
[Round "4"]
[White "Becker, Tobias"]
[Black "Lohvinov, Petro"]
[Result "1/2-1/2"]
[WhiteElo "2111"]
[BlackElo "2237"]
[PlyCount "69"]
[EventDate "2023.08.20"]
[EventType "tourn"]
[EventRounds "9"]
[EventCountry "GER"]
[SourceTitle "CBM 215 Extra"]
[Source "ChessBase"]
[SourceDate "2023.09.30"]
[SourceVersion "1"]
[SourceVersionDate "2023.09.30"]
[SourceQuality "1"]

1. e4 c5 2. Nf3 e6 3. d4 cxd4 4. Nxd4 a6 5. c4 Nf6 6. Nc3 Qc7 7. a3 b6 8. f4 Bb7 9. Bd3 d6 10. f5 e5 11. Nc2 Nbd7 12. Bg5 Be7 13. 0-0 h6 14. Bxf6 Nxf6 15. Kh1 0-0 16. Qe2 Rfc8 17. Ne3 Qd8 18. Ng4 Rab8 19. Nxf6+ Bxf6 20. Rad1 Qc7 21. Rf3 Qc5 22. Qf2 Bc6 23. Bf1 Qxf2 24. Rxf2 Be7 25. a4 Rd8 26. Rfd2 g6 27. fxg6 fxg6 28. c5 dxc5 29. Rxd8+ Rxd8 30. Rxd8+ Bxd8 31. Bxa6 Kf8 32. Kg1 Bg5 33. Kf2 Bd2 34. Nd5 Bxd5 35. exd5 1/2-1/2

[Event "Nordhausen op 13th"]
[Site "Nordhausen"]
[Date "2023.08.04"]
[Round "3"]
[White "Lorenz, Sebastian"]
[Black "Becker, Tobias"]
[Result "0-1"]
[WhiteElo "1924"]
[BlackElo "2111"]
[PlyCount "60"]
[EventDate "2023.08.03"]
[EventType "swiss"]
[EventRounds "7"]
[EventCountry "GER"]
[SourceTitle "CBM 215 Extra"]
[Source "ChessBase"]
[SourceDate "2023.09.30"]
[SourceVersion "1"]
[SourceVersionDate "2023.09.30"]
[SourceQuality "1"]

1. e4 e5 2. Nf3 Nc6 3. d4 exd4 4. Bc4 Nf6 5. 0-0 Nxe4 6. Re1 d5 7. Bxd5 Qxd5 8. Nc3 Qh5 9. Rxe4+ Be7 10. Nxd4 Qxd1+ 11. Nxd1 Nxd4 12. Rxd4 Be6 13. Bf4 Bf6 14. Rd2 Rd8 15. Rxd8+ Kxd8 16. Ne3 Kc8 17. Nd1 Rd8 18. Kf1 b5 19. a3 a6 20. Ke1 Kb7 21. Bd2 Re8 22. Be3 Bd5 23. f3 Bxb2 24. Nxb2 Rxe3+ 25. Kd2 Re8 26. Nd3 Kb6 27. Kc3 c5 28. Rd1 Bc6 29. Rd2 Re3 30. Kb2 c4 0-1

[Event "Bamberg op-A 5th"]
[Site "Bamberg"]
[Date "2023.07.27"]
[Round "3"]
[White "Becker, Tobias"]
[Black "Haack, Kevin"]
[Result "1/2-1/2"]
[WhiteElo "2111"]
[BlackElo "2296"]
[PlyCount "81"]
[EventDate "2023.07.26"]
[EventType "swiss"]
[EventRounds "7"]
[EventCountry "GER"]
[SourceTitle "CBM 215 Extra"]
[Source "ChessBase"]
[SourceDate "2023.09.30"]
[SourceVersion "1"]
[SourceVersionDate "2023.09.30"]
[SourceQuality "1"]

1. e4 c6 2. d4 d5 3. e5 Bf5 4. Nf3 e6 5. Be2 Nd7 6. 0-0 h6 7. c3 Ne7 8. a4 g5 9. Na3 Bg7 10. Nc2 Qc7 11. Ne3 Be4 12. Bd3 Bxd3 13. Qxd3 0-0-0 14. b4 f6 15. exf6 Nxf6 16. Ne5 Rdf8 17. Ba3 Nh5 18. b5 c5 19. Qd1 Bxe5 20. Qxh5 Bd6 21. Qh3 Rf6 22. c4 cxd4 23. Nxd5 Nxd5 24. cxd5 Bxa3 25. Qxa3 Kb8 26. Rac1 Qd7 27. dxe6 Rxe6 28. Qg3+ Qd6 29. Rfd1 Qxg3 30. hxg3 Rd8 31. Rd3 g4 32. Rcd1 Red6 33. f3 Kc7 34. Rc1+ Kb6 35. Rc4 h5 36. Kf2 Rd5 37. Ke2 Re8+ 38. Kd2 Red8 39. Kc2 Rc5 40. Kb3 Re5 41. Rcxd4 1/2-1/2

[Event "Reykjavik op"]
[Site "Reykjavik"]
[Date "2023.04.03"]
[Round "8"]
[White "Sukandar, Irine Kharisma"]
[Black "Becker, Tobias"]
[Result "1-0"]
[WhiteElo "2389"]
[BlackElo "2085"]
[PlyCount "87"]
[EventDate "2023.03.29"]
[EventType "swiss"]
[EventRounds "9"]
[EventCountry "ISL"]
[SourceTitle "EXT 2024"]
[Source "ChessBase"]
[SourceDate "2023.10.10"]
[SourceVersion "1"]
[SourceVersionDate "2023.10.10"]
[SourceQuality "1"]

1. e4 e5 2. Nf3 Nc6 3. Bb5 a6 4. Ba4 Nf6 5. 0-0 Be7 6. Re1 b5 7. Bb3 0-0 8. d4 Nxd4 9. Nxd4 exd4 10. e5 Ne8 11. c3 c5 12. cxd4 c4 13. Bc2 d5 14. Nc3 Nc7 15. a3 Be6 16. Ne2 Qd7 17. Ng3 a5 18. Qh5 g6 19. Qh6 f5 20. exf6 Bxf6 21. Bf4 Bg7 22. Qh4 Bf6 23. Bg5 Qd8 24. Re5 Bxg5 25. Rxg5 Bf7 26. Qh6 Qf6 27. Re5 Ne6 28. Nh5 Qh8 29. Rxe6 Bxe6 30. Bxg6 Ra7 31. Bxh7+ Qxh7 32. Qxe6+ Qf7 33. Qg4+ Kh8 34. Qh4 Qe7 35. Qh3 Kg8 36. Qg4+ Kh8 37. Nf4 Qg7 38. Ng6+ Kg8 39. Qe6+ Qf7 40. Nxf8 Kxf8 41. Qh6+ Kg8 42. Qg5+ Kf8 43. Qd8+ Kg7 44. Re1 1-0

[Event "Reykjavik op"]
[Site "Reykjavik"]
[Date "2023.03.30"]
[Round "2"]
[White "Attinger, Roman Rae"]
[Black "Becker, Tobias"]
[Result "0-1"]
[WhiteElo "1768"]
[BlackElo "2085"]
[PlyCount "56"]
[EventDate "2023.03.29"]
[EventType "swiss"]
[EventRounds "9"]
[EventCountry "ISL"]
[SourceTitle "CBM 213 Extra"]
[Source "ChessBase"]
[SourceDate "2023.05.31"]
[SourceVersion "1"]
[SourceVersionDate "2023.05.31"]
[SourceQuality "1"]

1. d4 d5 2. Nc3 Nf6 3. Bf4 c5 4. e4 Nxe4 5. Nxe4 dxe4 6. dxc5 Qa5+ 7. Qd2 Qxc5 8. 0-0-0 Nc6 9. f3 e5 10. Be3 Qb4 11. Qxb4 Bxb4 12. fxe4 Be6 13. Nf3 f6 14. Be2 Rc8 15. Kb1 0-0 16. Rhg1 Be7 17. a3 b6 18. g4 g5 19. h3 Na5 20. Nh2 Rc7 21. Nf1 Rfc8 22. Ba6 Rb8 23. Be2 b5 24. Ng3 b4 25. a4 b3 26. c3 Nc4 27. Rd3 Nxe3 28. Rxe3 Bc5 0-1

[Event "Bayern-chI Bank Hofmann 25th"]
[Site "Tegernsee"]
[Date "2022.11.05"]
[Round "1"]
[White "Meins, Gerlef"]
[Black "Becker, Tobias"]
[Result "1-0"]
[WhiteElo "2414"]
[BlackElo "2091"]
[PlyCount "89"]
[EventDate "2022.11.05"]
[EventType "swiss"]
[EventRounds "9"]
[EventCountry "GER"]
[SourceTitle "CBM 211 Extra"]
[Source "ChessBase"]
[SourceDate "2023.01.31"]
[SourceVersion "1"]
[SourceVersionDate "2023.01.31"]
[SourceQuality "1"]

1. Nf3 d5 2. c4 c6 3. d4 Nf6 4. Qc2 e6 5. Nbd2 Nbd7 6. g3 Be7 7. Bg2 0-0 8. 0-0 b6 9. e4 dxe4 10. Nxe4 Nxe4 11. Qxe4 Bb7 12. Rd1 Qc8 13. Bf4 Nf6 14. Qe2 Re8 15. Ne5 c5 16. b3 Bxg2 17. Kxg2 Qb7+ 18. Qf3 Qxf3+ 19. Kxf3 cxd4 20. Rxd4 Nh5 21. Be3 Ba3 22. Rd2 f6 23. Nc6 Rec8 24. Nxa7 Rxa7 25. g4 Bb4 26. Rc2 Bc5 27. a4 Rd7 28. gxh5 Rd3 29. Rb1 Rcd8 30. Ke2 Bxe3 31. fxe3 e5 32. Rbb2 Rd1 33. c5 bxc5 34. Rxc5 e4 35. Kf2 Rh1 36. Kg2 Re1 37. b4 Rxe3 38. b5 Red3 39. b6 e3 40. Re2 Rb3 41. a5 Rd4 42. a6 Kf7 43. a7 Rg4+ 44. Kf3 Ra4 45. Rc8 1-0

[Event "Kronach Oberfranken Cup"]
[Site "Kronach"]
[Date "2022.07.03"]
[Round "5"]
[White "Becker, Tobias"]
[Black "Michalek, Michal"]
[Result "0-1"]
[WhiteElo "2094"]
[BlackElo "2150"]
[PlyCount "74"]
[EventDate "2022.07.01"]
[EventType "swiss"]
[EventRounds "5"]
[EventCountry "GER"]
[SourceTitle "EXT 2023"]
[Source "ChessBase"]
[SourceDate "2022.10.05"]
[SourceVersion "1"]
[SourceVersionDate "2022.10.05"]
[SourceQuality "1"]

1. d4 Nf6 2. c4 e6 3. Nf3 d5 4. Nc3 Be7 5. Bf4 0-0 6. e3 b6 7. Bd3 Bb7 8. cxd5 Nxd5 9. Nxd5 exd5 10. 0-0 c5 11. Ne5 Nd7 12. Rc1 Nxe5 13. Bxe5 g6 14. b3 Rc8 15. Qe2 Qd7 16. dxc5 bxc5 17. Ba6 Bxa6 18. Qxa6 Qe6 19. Qxe6 fxe6 20. Rc2 a5 21. Rfc1 Ra8 22. Bc7 Rfc8 23. Bb6 Ra6 24. Bxc5 Rac6 25. Bxe7 Rxc2 26. Rxc2 Rxc2 27. h3 Rxa2 28. Bd8 Kf7 29. f4 Ke8 30. Bb6 Kd7 31. Kh2 Kc6 32. Bd4 Kb5 33. Kg3 Kb4 34. Kf3 Kxb3 35. g3 a4 36. Kg4 a3 37. Kg5 Rb2 0-1

[Event "Mittelfrank Regionalliga Nord-West 2122"]
[Site "Mittelfranken"]
[Date "2022.05.15"]
[Round "5.1"]
[White "Kartsev, Alexandr"]
[Black "Becker, Tobias"]
[Result "1-0"]
[WhiteElo "2090"]
[BlackElo "2141"]
[PlyCount "61"]
[EventDate "2021.10.24"]
[EventType "team-tourn"]
[EventRounds "9"]
[EventCountry "GER"]
[SourceTitle "EXT 2024"]
[Source "ChessBase"]
[SourceDate "2023.10.10"]
[SourceVersion "1"]
[SourceVersionDate "2023.10.10"]
[SourceQuality "1"]
[WhiteTeam "Bad Neustadt"]
[BlackTeam "Kronach"]
[WhiteTeamCountry "GER"]
[BlackTeamCountry "GER"]

1. e4 e5 2. Nf3 Nc6 3. Bb5 a6 4. Ba4 Nf6 5. 0-0 Be7 6. Re1 b5 7. Bb3 d6 8. c3 0-0 9. d3 Na5 10. Bc2 c5 11. Nbd2 Re8 12. Nf1 h6 13. Ng3 Bf8 14. a4 Bd7 15. h3 Qc7 16. Nh2 d5 17. Ng4 Nxg4 18. hxg4 d4 19. g5 hxg5 20. Bxg5 Be6 21. Nf5 f6 22. Bd2 g6 23. Nh4 Kg7 24. cxd4 cxd4 25. Bxa5 Qxa5 26. axb5 Qxb5 27. Ba4 Qb6 28. Bxe8 Rxe8 29. Qa4 Ra8 30. Rec1 Bc5 31. b4 1-0

[Event "Mittelfrank Regionalliga Nord-West 2122"]
[Site "Mittelfranken"]
[Date "2022.04.03"]
[Round "7.1"]
[White "Kuhn, Norbert"]
[Black "Becker, Tobias"]
[Result "0-1"]
[WhiteElo "1976"]
[BlackElo "2141"]
[PlyCount "32"]
[EventDate "2021.10.24"]
[EventType "team-tourn"]
[EventRounds "9"]
[EventCountry "GER"]
[SourceTitle "EXT 2024"]
[Source "ChessBase"]
[SourceDate "2023.10.10"]
[SourceVersion "1"]
[SourceVersionDate "2023.10.10"]
[SourceQuality "1"]
[WhiteTeam "Wuerzburg II"]
[BlackTeam "Kronach"]
[WhiteTeamCountry "GER"]
[BlackTeamCountry "GER"]

1. e4 e5 2. d4 exd4 3. Nf3 Nc6 4. c3 Nf6 5. e5 Nd5 6. Bc4 Nb6 7. Bb3 d5 8. cxd4 Bg4 9. Be3 Qd7 10. a3 0-0-0 11. Nbd2 f6 12. exf6 gxf6 13. Qc2 a5 14. 0-0-0 Bf5 15. Qc3 Nb4 16. Nf1 Na4 0-1

[Event "Mittelfrank Regionalliga Nord-West 2122"]
[Site "Mittelfranken"]
[Date "2021.10.24"]
[Round "1.1"]
[White "Kunz, Konstantin"]
[Black "Becker, Tobias"]
[Result "0-1"]
[WhiteElo "2087"]
[BlackElo "2141"]
[PlyCount "60"]
[EventDate "2021.10.24"]
[EventType "team-tourn"]
[EventRounds "9"]
[EventCountry "GER"]
[SourceTitle "EXT 2024"]
[Source "ChessBase"]
[SourceDate "2023.10.10"]
[SourceVersion "1"]
[SourceVersionDate "2023.10.10"]
[SourceQuality "1"]
[WhiteTeam "Kitzingen"]
[BlackTeam "Kronach"]
[WhiteTeamCountry "GER"]
[BlackTeamCountry "GER"]

1. d4 d5 2. Nf3 Nf6 3. Bf4 c5 4. c3 Nc6 5. e3 cxd4 6. exd4 Bf5 7. Qb3 Qc8 8. h3 e6 9. Nbd2 h6 10. Be2 Be7 11. a4 0-0 12. a5 a6 13. Ne5 Nd7 14. Nxc6 bxc6 15. 0-0 Bf6 16. Bd6 Re8 17. Nf3 e5 18. Nxe5 Nxe5 19. dxe5 Bxe5 20. Bxe5 Rxe5 21. Bg4 Bxg4 22. hxg4 Rb8 23. Qa3 Qxg4 24. Qd6 Rbe8 25. Qxc6 R8e6 26. Qc7 Rg6 27. g3 Rh5 28. Kg2 Qh3+ 29. Kf3 Re6 30. Ra4 Qxf1 0-1

[Event "Landesliga Nord 1920"]
[Site "Bayern"]
[Date "2019.10.20"]
[Round "1.1"]
[White "Becker, Tobias"]
[Black "Zvara, Petr"]
[Result "0-1"]
[WhiteElo "2120"]
[BlackElo "2359"]
[PlyCount "68"]
[EventDate "2019.09.29"]
[EventType "team-tourn"]
[EventRounds "9"]
[EventCountry "GER"]
[SourceTitle "EXT 2021"]
[Source "ChessBase"]
[SourceDate "2020.10.23"]
[SourceVersion "1"]
[SourceVersionDate "2020.10.23"]
[SourceQuality "1"]
[WhiteTeam "Kronach"]
[BlackTeam "Schwandorf"]
[WhiteTeamCountry "GER"]
[BlackTeamCountry "GER"]

1. d4 Nf6 2. Nf3 g6 3. c4 Bg7 4. Nc3 0-0 5. e4 d6 6. Be2 e5 7. d5 a5 8. h3 Na6 9. Bg5 Qe8 10. Nd2 Kh8 11. g4 Ng8 12. Be3 f5 13. f3 Qe7 14. h4 Nf6 15. exf5 gxf5 16. h5 h6 17. gxf5 Bxf5 18. Nde4 Nxe4 19. fxe4 Bh7 20. Qc2 Bf6 21. 0-0-0 Bg5 22. Qd2 Nc5 23. Bxg5 hxg5 24. Rhg1 Rf4 25. Bd3 Raf8 26. Qg2 Nxd3+ 27. Rxd3 g4 28. Kb1 Rf2 29. Qg3 Qg5 30. Rdd1 R8f4 31. Rde1 R2f3 32. Qg2 Rd3 33. Ref1 Rxc3 34. Rxf4 Qxf4 0-1

[Event "Bamberg op 2nd"]
[Site "Bamberg"]
[Date "2019.06.02"]
[Round "7"]
[White "Langheinrich, Ferenc"]
[Black "Becker, Tobias"]
[Result "1-0"]
[WhiteElo "2379"]
[BlackElo "2019"]
[PlyCount "55"]
[EventDate "2019.05.29"]
[EventType "swiss"]
[EventRounds "7"]
[EventCountry "GER"]
[SourceTitle "CBM 190 Extra"]
[Source "ChessBase"]
[SourceDate "2019.07.15"]
[SourceVersion "1"]
[SourceVersionDate "2019.07.15"]
[SourceQuality "1"]

1. e4 d6 2. d4 Nf6 3. Nc3 Nbd7 4. Nf3 e5 5. g4 d5 6. dxe5 dxe4 7. Ng5 Nxe5 8. Qxd8+ Kxd8 9. Bf4 Nf3+ 10. Nxf3 exf3 11. 0-0-0+ Bd7 12. g5 Ne8 13. Ne4 Nd6 14. Nc5 Bc6 15. b4 a6 16. Bh3 Be7 17. Rhe1 Re8 18. Bg4 Bf8 19. Be5 b6 20. Re3 bxc5 21. bxc5 f6 22. gxf6 gxf6 23. Bxf6+ Be7 24. Rxe7 Rxe7 25. cxd6 cxd6 26. Rxd6+ Kc7 27. Bxe7 Re8 28. Re6 1-0

[Event "Bamberg op 2nd"]
[Site "Bamberg"]
[Date "2019.05.31"]
[Round "4"]
[White "Becker, Tobias"]
[Black "Hirneise, Jens"]
[Result "1/2-1/2"]
[WhiteElo "2019"]
[BlackElo "2375"]
[PlyCount "161"]
[EventDate "2019.05.29"]
[EventType "swiss"]
[EventRounds "7"]
[EventCountry "GER"]
[SourceTitle "CBM 190 Extra"]
[Source "ChessBase"]
[SourceDate "2019.07.15"]
[SourceVersion "1"]
[SourceVersionDate "2019.07.15"]
[SourceQuality "1"]

1. d4 Nf6 2. Nf3 g6 3. Bg5 Bg7 4. Nbd2 c5 5. e3 cxd4 6. exd4 0-0 7. c3 d6 8. Bc4 Qc7 9. 0-0 Nc6 10. Re1 Rb8 11. a4 e5 12. Bxf6 Bxf6 13. Ne4 Be7 14. d5 Na5 15. Ba2 Bg4 16. Ned2 b6 17. h3 Bxf3 18. Qxf3 Kg7 19. Qe3 f5 20. f4 Bf6 21. g3 Rbe8 22. Qd3 exf4 23. gxf4 Qc5+ 24. Kg2 Bh4 25. Re2 Nb7 26. Rf1 Qc8 27. Nb3 Rxe2+ 28. Qxe2 Re8 29. Qa6 Nc5 30. Qxc8 Rxc8 31. Nxc5 bxc5 32. Bc4 Re8 33. Kf3 Re4 34. Bb5 a5 35. Rg1 h6 36. Rg2 Re1 37. Re2 Rf1+ 38. Kg2 Rxf4 39. Re6 Rf2+ 40. Kg1 Rxb2 41. Rxd6 f4 42. Ra6 f3 43. d6 Rg2+ 44. Kf1 Rd2 45. Kg1 Bf2+ 46. Kh2 Bh4+ 47. Kg1 Bg3 48. d7 Rd1+ 49. Bf1 Rxd7 50. Rxa5 Rd2 51. Ra6 Bf2+ 52. Kh2 Bh4+ 53. Kg1 g5 54. Re6 Bf2+ 55. Kh2 Bh4+ 56. Kg1 h5 57. a5 Bf2+ 58. Kh2 h4 59. Re7+ Kf6 60. Re8 Be3+ 61. Kh1 Bf4 62. Kg1 Bh2+ 63. Kh1 Bf4 64. Kg1 Ra2 65. a6 Bh2+ 66. Kh1 Bd6 67. Kg1 Kf5 68. Bc4 Ra4 69. Bb5 Ra5 70. Bd3+ Kf4 71. Re4+ Kg3 72. Rg4+ Kxh3 73. Rxg5 f2+ 74. Kxf2 Ra2+ 75. Kg1 Bh2+ 76. Kf1 Bg3 77. Kg1 Bf2+ 78. Kf1 Bg3 79. Kg1 Bf2+ 80. Kf1 Bg3 81. Kg1 1/2-1/2

[Event "Bamberg op 2nd"]
[Site "Bamberg"]
[Date "2019.05.30"]
[Round "3"]
[White "Schmitz, Tim"]
[Black "Becker, Tobias"]
[Result "0-1"]
[WhiteElo "1835"]
[BlackElo "2019"]
[PlyCount "54"]
[EventDate "2019.05.29"]
[EventType "swiss"]
[EventRounds "7"]
[EventCountry "GER"]
[SourceTitle "CBM 190 Extra"]
[Source "ChessBase"]
[SourceDate "2019.07.15"]
[SourceVersion "1"]
[SourceVersionDate "2019.07.15"]
[SourceQuality "1"]

1. e4 d6 2. d4 Nf6 3. Nc3 Nbd7 4. Nf3 e5 5. Bc4 Be7 6. 0-0 h6 7. Be3 c6 8. a4 a5 9. Bb3 Qc7 10. Qe2 Ng4 11. Rad1 Nxe3 12. Qxe3 0-0 13. Ne2 Re8 14. Ng3 Bf8 15. dxe5 dxe5 16. c3 Nc5 17. Bc2 g6 18. h4 Kg7 19. h5 Ne6 20. Nh2 Bc5 21. Qf3 Nf4 22. Ng4 Be6 23. Ne3 Rad8 24. Ngf5+ Kh7 25. Ng4 gxf5 26. exf5 Bd5 27. f6+ e4 0-1

[Event "Regionalliga Nord-West 1819"]
[Site "Bayern"]
[Date "2018.10.21"]
[Round "1.1"]
[White "Ostermeyer, Peter"]
[Black "Becker, Tobias"]
[Result "1/2-1/2"]
[WhiteElo "2291"]
[BlackElo "2149"]
[PlyCount "66"]
[EventDate "2018.10.21"]
[EventType "team-tourn"]
[EventRounds "9"]
[EventCountry "GER"]
[SourceTitle "EXT 2022"]
[Source "ChessBase"]
[SourceDate "2021.10.06"]
[SourceVersion "1"]
[SourceVersionDate "2021.10.06"]
[SourceQuality "1"]
[WhiteTeam "Rottendorf"]
[BlackTeam "Kronach"]
[WhiteTeamCountry "GER"]
[BlackTeamCountry "GER"]

1. e4 c5 2. Nf3 d6 3. d4 cxd4 4. Nxd4 Nf6 5. f3 e5 6. Nb3 Be6 7. c4 a5 8. Be3 a4 9. Nc1 Be7 10. Nc3 Qa5 11. Qd2 0-0 12. Nd5 Qxd2+ 13. Kxd2 Nxd5 14. cxd5 Bd7 15. Bd3 Bd8 16. b4 axb3 17. Nxb3 Ba4 18. Rhb1 Nd7 19. Ke2 b5 20. Bd2 Bb6 21. a3 Rfb8 22. Ra2 Kf8 23. Rab2 Ke7 24. Bg5+ f6 25. Bd2 Kf7 26. Be3 Bxe3 27. Kxe3 Bxb3 28. Rxb3 Nc5 29. Rc3 Ra5 30. Be2 Rba8 31. Kf2 Rxa3 32. Rxa3 Rxa3 33. Rxb5 Ra2 1/2-1/2

[Event "Regionalliga Nord-West 1718"]
[Site "Bayern"]
[Date "2018.03.18"]
[Round "8.1"]
[White "Kopp, Andre"]
[Black "Becker, Tobias"]
[Result "1/2-1/2"]
[WhiteElo "2133"]
[BlackElo "2091"]
[PlyCount "39"]
[EventDate "2017.10.22"]
[EventType "team-tourn"]
[EventRounds "9"]
[EventCountry "GER"]
[SourceTitle "EXT 2022"]
[Source "ChessBase"]
[SourceDate "2021.10.06"]
[SourceVersion "1"]
[SourceVersionDate "2021.10.06"]
[SourceQuality "1"]
[WhiteTeam "Marktleuthen"]
[BlackTeam "Kronach"]
[WhiteTeamCountry "GER"]
[BlackTeamCountry "GER"]

1. e4 e5 2. d4 exd4 3. Qxd4 Nc6 4. Qe3 Nf6 5. Nc3 Bb4 6. Bd2 0-0 7. 0-0-0 Re8 8. Bc4 Bxc3 9. Bxc3 Nxe4 10. Qf4 Nf6 11. Qg3 d6 12. f4 Be6 13. Bd3 a5 14. a3 Rb8 15. Nh3 d5 16. Ng5 d4 17. Bb5 Nd5 18. Bxd4 Nxd4 19. Rxd4 Qf6 20. Rhd1 1/2-1/2

[Event "Regionalliga Nord-West 1718"]
[Site "Bayern"]
[Date "2018.01.21"]
[Round "5.1"]
[White "Lang, Stefan1"]
[Black "Becker, Tobias"]
[Result "1/2-1/2"]
[WhiteElo "2046"]
[BlackElo "2091"]
[PlyCount "64"]
[EventDate "2017.10.22"]
[EventType "team-tourn"]
[EventRounds "9"]
[EventCountry "GER"]
[SourceTitle "EXT 2022"]
[Source "ChessBase"]
[SourceDate "2021.10.06"]
[SourceVersion "1"]
[SourceVersionDate "2021.10.06"]
[SourceQuality "1"]
[WhiteTeam "Bad Neustadt"]
[BlackTeam "Kronach"]
[WhiteTeamCountry "GER"]
[BlackTeamCountry "GER"]

1. d4 Nf6 2. c4 g6 3. Nc3 d5 4. Nf3 Bg7 5. cxd5 Nxd5 6. Bg5 c5 7. Rc1 Nxc3 8. bxc3 0-0 9. e3 Be6 10. Qd2 Nc6 11. Be2 Rc8 12. 0-0 h6 13. Bh4 g5 14. Bg3 cxd4 15. cxd4 Qa5 16. Qxa5 Nxa5 17. Rc7 Rxc7 18. Bxc7 b6 19. a4 Rc8 20. Bg3 Rc2 21. Bb5 Bc4 22. Rb1 a6 23. Ne1 Ra2 24. Bd7 Nb3 25. h3 Ra1 26. Rxa1 Nxa1 27. Bc7 b5 28. Nf3 bxa4 29. Bxa4 Nb3 30. Ne5 Bxe5 31. Bxe5 f6 32. Bc7 Nd2 1/2-1/2

[Event "Regionalliga Nord-West 1718"]
[Site "Bayern"]
[Date "2017.12.10"]
[Round "4.1"]
[White "Becker, Tobias"]
[Black "Zentgraf, Alexander"]
[Result "1/2-1/2"]
[WhiteElo "2091"]
[BlackElo "2150"]
[PlyCount "67"]
[EventDate "2017.10.22"]
[EventType "team-tourn"]
[EventRounds "9"]
[EventCountry "GER"]
[SourceTitle "EXT 2022"]
[Source "ChessBase"]
[SourceDate "2021.10.06"]
[SourceVersion "1"]
[SourceVersionDate "2021.10.06"]
[SourceQuality "1"]
[WhiteTeam "Kronach"]
[BlackTeam "Sailauf"]
[WhiteTeamCountry "GER"]
[BlackTeamCountry "GER"]

1. d4 d5 2. Bf4 Nf6 3. e3 e6 4. Nf3 c5 5. c3 Nc6 6. Nbd2 Bd6 7. Bg3 0-0 8. Bd3 Qe7 9. Ne5 Nd7 10. Nxd7 Qxd7 11. Qh5 g6 12. Qh6 Re8 13. Bxd6 Qxd6 14. Nf3 Qf8 15. Qxf8+ Kxf8 16. dxc5 e5 17. Bb5 f6 18. 0-0 Be6 19. Rfd1 Rec8 20. Rac1 a6 21. Bf1 Na5 22. b4 Nc4 23. Bxc4 dxc4 24. Rd6 Rc6 25. Rcd1 Ke7 26. Rxc6 bxc6 27. Ne1 a5 28. Nc2 Bf5 29. Rd2 Bxc2 30. Rxc2 axb4 31. cxb4 Ra4 32. Rxc4 Rxa2 33. g3 Rb2 34. Kg2 1/2-1/2

[Event "Regionalliga NW 1617"]
[Site "Bayern"]
[Date "2016.10.16"]
[Round "1.1"]
[White "Becker, Tobias"]
[Black "Schindler, Viktor"]
[Result "1/2-1/2"]
[WhiteElo "2091"]
[BlackElo "2141"]
[PlyCount "58"]
[EventDate "2016.10.16"]
[EventType "team-tourn"]
[EventRounds "9"]
[EventCountry "GER"]
[SourceTitle "EXT 2019"]
[Source "ChessBase"]
[SourceDate "2018.10.10"]
[SourceVersion "1"]
[SourceVersionDate "2018.10.10"]
[SourceQuality "1"]
[WhiteTeam "Kronach"]
[BlackTeam "Hof PTSV"]
[WhiteTeamCountry "GER"]
[BlackTeamCountry "GER"]

1. d4 Nf6 2. c4 g6 3. Nf3 Bg7 4. g3 c5 5. d5 d6 6. Bg2 0-0 7. Nc3 e6 8. 0-0 exd5 9. cxd5 Re8 10. h3 a6 11. a4 Ne4 12. Nxe4 Rxe4 13. Nd2 Rb4 14. Qc2 Nd7 15. Nc4 Nb6 16. Nxb6 Qxb6 17. Rb1 Bd7 18. b3 Bxa4 19. Ba3 Rxb3 20. Rxb3 Qxb3 21. Qxb3 Bxb3 22. Rb1 Bc4 23. Rxb7 Bxe2 24. Rd7 Be5 25. Bxc5 dxc5 26. Re7 f6 27. d6 Rd8 28. Bd5+ Kf8 29. Rf7+ Ke8 1/2-1/2

[Event "Regionalliga NW 1516"]
[Site "Bayern"]
[Date "2016.03.13"]
[Round "8.1"]
[White "Becker, Tobias"]
[Black "Schulz, Lukas"]
[Result "0-1"]
[WhiteElo "2111"]
[BlackElo "2158"]
[PlyCount "42"]
[EventDate "2015.10.11"]
[EventType "team-tourn"]
[EventRounds "9"]
[EventCountry "GER"]
[SourceTitle "EXT 2018"]
[Source "ChessBase"]
[SourceDate "2017.10.13"]
[SourceVersion "1"]
[SourceVersionDate "2017.10.13"]
[SourceQuality "1"]
[WhiteTeam "Kronach"]
[BlackTeam "Hoechstadt/Aisch"]
[WhiteTeamCountry "GER"]
[BlackTeamCountry "GER"]

1. d4 Nf6 2. c4 e5 3. dxe5 Ng4 4. Bf4 Nc6 5. Nf3 Bb4+ 6. Nbd2 Qe7 7. e3 Ngxe5 8. Nxe5 Nxe5 9. Be2 g5 10. Bg3 h5 11. a3 Bxd2+ 12. Qxd2 d6 13. c5 dxc5 14. 0-0-0 f6 15. f4 Nf7 16. fxg5 Nxg5 17. Bb5+ Kf7 18. Rhf1 Bg4 19. Qd5+ Kg7 20. h4 Ne4 21. Bf4 c6 0-1